| 000 | 00750cab a2200241 4500 | ||
|---|---|---|---|
| 001 | WB2927-27 | ||
| 008 | 090401t1993 xxu||||| |||| 00| 0 eng d | ||
| 035 | _a(Sirsi) u72164 | ||
| 041 | _aeng | ||
| 245 | _a`Pool Re` insurance | ||
| 260 | _c1993 | ||
| 350 | _a0 | ||
| 490 |
_aCSW - The Property Week _v44(3) 15 July 1993, 56 |
||
| 490 |
_aDaily Telegraph _v19 July 1993, 21(2) |
||
| 520 | _aQuestions whether the `Pool Re` insurance scheme is workable in its present form and whether there are lessons to be learnt from terrorist attacks in Northern Ireland. | ||
| 650 | _aBOMBING | ||
| 650 | _aPOOL RE | ||
| 650 | _aTERRORISM COVER | ||
| 650 | _aTERRORISM INSURANCE | ||
| 690 |
_aInsurance _96249 |
||
| 942 | _n0 | ||
| 948 | _c04/03/1997 | ||
| 999 |
_c45551 _d45551 |
||